Normal view
MARC view
Entry Topical Term
001 - CONTROL NUMBER
- control field: 160883
003 - CONTROL NUMBER IDENTIFIER
- control field: OSt
005 - DATE AND TIME OF LATEST TRANSACTION
- control field: 20220923211603.0
008 - FIXED-LENGTH DATA ELEMENTS
- fixed length control field: 220923|| aca||aabn | a|a d
040 ## - CATALOGING SOURCE
- Original cataloging agency: OSt
- Transcribing agency: OSt
150 ## - HEADING--TOPICAL TERM
- Topical term or geographic name entry element: आयुर्वेद औषधी
670 ## - SOURCE DATA FOUND
- Source citation: Work cat.: (OSt)301087: मोनिका, संपा., संस्कृत साहित्य में आयुर्वेद, 2018
